| 000 | 00668nam a2200193 a 4500 | ||
|---|---|---|---|
| 001 | 000042970 | ||
| 005 | 20201002040535.0 | ||
| 008 | 140213s1990 cr 000 0 spa d | ||
| 020 | _a9977060002 | ||
| 040 |
_aDO-SdBNP _bspa _cBNPHU |
||
| 100 | 1 |
_aRico, José Ma. _970460 |
|
| 245 | 1 | 0 |
_aIndependencia Judicial en America Latina : _breplanteamiento de un tema tradicional / _cJosé Ma. Rico, Luis Salas. |
| 260 |
_aSan José, Costa Rica : _bCentro para la Administración de Justicia, _c1990. |
||
| 300 |
_a52 p. ; _c21 cm. |
||
| 490 | 1 |
_aMonografias _v1 |
|
| 500 | _aIncluye notas a pie de páginas | ||
| 700 | 1 |
_aSalas, Luis _970453 |
|
| 830 | 0 |
_aMonografias _v1 _915334 |
|
| 999 |
_c42459 _d42459 |
||